Flaggen der Welt - Statistiken

Allgemein
  • Dieses Quiz wurde 30.581 mal gespielt
  • Das Durchschnittsergebnis liegt bei 136 aus 196
Antwortstatistiken
Bildquiz Antwort % Korrekt
Schweiz
97%
Mexiko
93%
Dänemark
91%
Japan
90%
Belgien
89%
Deutschland
89%
Frankreich
89%
Slowenien
89%
Vereinigte Staaten
89%
Zypern
89%
Ägypten
88%
Argentinien
88%
Estland
88%
Irland
88%
Italien
88%
Kanada
88%
Niederlande
88%
Portugal
88%
Schweden
88%
Südkorea
88%
Tschechien
88%
China
87%
Finnland
87%
Kosovo
87%
Monaco
87%
Nigeria
87%
Saudi-Arabien
87%
Spanien
87%
Brasilien
86%
Griechenland
86%
Indien
86%
Island
86%
Kroatien
86%
Nepal
86%
Nordmazedonien
86%
Iran
85%
Jamaika
85%
Norwegen
85%
Österreich
85%
Russland
85%
Türkei
85%
Vereinigtes Königreich
85%
Bosnien und Herzegowina
84%
Israel
84%
Slowakei
84%
Südafrika
84%
Albanien
83%
Bulgarien
83%
Libanon
83%
Malta
83%
Ukraine
83%
Uruguay
83%
Australien
82%
Luxemburg
82%
Neuseeland
82%
Polen
82%
Georgien
81%
Marokko
81%
Serbien
81%
Vietnam
81%
Kasachstan
80%
Katar
79%
Peru
79%
Rumänien
79%
Thailand
79%
Tunesien
79%
Venezuela
79%
Chile
78%
Lettland
78%
Nordkorea
78%
Philippinen
78%
San Marino
78%
Andorra
77%
Belarus
77%
Elfenbeinküste
77%
Liechtenstein
77%
Pakistan
77%
Ungarn
77%
Algerien
76%
Aserbaidschan
76%
Bangladesch
76%
Vatikanstadt
76%
Irak
75%
Kolumbien
75%
Kuba
74%
Sri Lanka
74%
Syrien
74%
Indonesien
73%
Senegal
73%
Angola
72%
Armenien
72%
Bhutan
72%
Ecuador
72%
Ghana
72%
Malaysia
72%
Moldawien
72%
Montenegro
72%
Panama
72%
Uganda
72%
Costa Rica
71%
Kamerun
71%
Kenia
70%
Litauen
69%
Seychellen
69%
Bahrain
68%
Honduras
68%
Mongolei
67%
Singapur
67%
Niger
66%
Barbados
65%
Kambodscha
65%
Madagaskar
65%
Afghanistan
64%
Taiwan
64%
Dominikanische Republik
63%
Haiti
63%
Kirgisistan
63%
Liberia
63%
Laos
62%
Somalia
62%
Tschad
62%
Vereinigte Arabische Emirate
62%
Äthiopien
61%
Demokratische Republik Kongo
61%
El Salvador
61%
Guatemala
61%
Turkmenistan
61%
Fidschi
60%
Kuwait
60%
Lesotho
60%
Paraguay
60%
Usbekistan
60%
Burkina Faso
59%
Gabun
59%
Jemen
59%
Jordanien
59%
Eswatini
58%
Nicaragua
58%
Papua-Neuguinea
58%
Zentralafrikanische Republik
58%
Guinea
57%
Libyen
57%
Mauretanien
57%
St. Lucia
57%
Trinidad und Tobago
57%
Benin
56%
Föderierte Staaten von Mikronesien
56%
Malediven
56%
Mosambik
56%
Namibia
56%
Palau
56%
Bahamas
55%
Brunei
55%
Mali
55%
Sambia
55%
Kap Verde
54%
Tadschikistan
54%
Antigua und Barbuda
53%
Belize
53%
Botswana
53%
Dominica
53%
Grenada
53%
Myanmar
53%
Oman
53%
Osttimor
53%
Tansania
53%
Togo
53%
Eritrea
52%
Malawi
52%
Simbabwe
52%
Tonga
52%
Bolivien
51%
Kiribati
51%
São Tomé und Príncipe
51%
Sierra Leone
51%
St. Vincent und die Grenadinen
51%
Burundi
50%
Guyana
50%
Marshallinseln
50%
Mauritius
50%
Sudan
50%
Nauru
49%
Südsudan
49%
Suriname
49%
Gambia
48%
Tuvalu
48%
Republik Kongo
47%
Dschibuti
46%
Guinea-Bissau
46%
Samoa
46%
Vanuatu
46%
Äquatorial-Guinea
45%
Komoren
45%
Ruanda
45%
St. Kitts und Nevis
44%
Salomonen
42%
Keine übereinstimmenden Quizze gefunden
Verteilung der Resultate
Anzahl Personen mit jedem Resultat
Perzentil nach korrekt beantworteten Fragen
Ihre Resultats-Entwicklung
Sie haben dieses Quiz noch nicht gespielt